Semiconductor Devices. Physics and Technology
Saved in:
| Hovedforfatter: | |
|---|---|
| Andre forfattere: | |
| Format: | Ukendt |
| Sprog: | engelsk |
| Udgivet: |
New York, USA.
John Wiley & Sons, Inc.
2012
|
| Udgivelse: | 3rd Edition |
| Fag: | |
| Online adgang: | Disponible Online - Cap. 1 al 3 |
| Tags: |
Tilføj Tag
Ingen Tags, Vær først til at tagge denne postø!
|
MARC
| LEADER | 00000 a2200000 4500 | ||
|---|---|---|---|
| 003 | CL-VaPUC | ||
| 005 | 20210802202028.0 | ||
| 008 | 201117b ||||| |||| 00| 0 eng d | ||
| 999 | |c 431826 |d 431824 | ||
| 020 | |a 978-0470537947 | ||
| 040 | |c Pontificia Universidad Católica de Valparaíso | ||
| 082 | |a 621.381 SZE 2012 | ||
| 100 | |a Sze, S.M. |9 856871 | ||
| 245 | |a Semiconductor Devices. |b Physics and Technology | ||
| 250 | |a 3rd Edition | ||
| 260 | |a New York, USA. |b John Wiley & Sons, Inc. |c 2012 | ||
| 300 | |a 578 páginas | ||
| 583 | |k Cristina Rojas |c 20201117 | ||
| 650 | |a Dispositivos semiconductores |9 361201 | ||
| 700 | |a Lee, M.K. |9 858274 | ||
| 856 | |u http://bibliografiadigital.pucv.cl.pucv.idm.oclc.org/index.php/bibliotecapucv/catalog/book/613 |y Disponible Online - Cap. 1 al 3 | ||
| 942 | |2 ddc |c BK | ||
| 952 | |0 0 |1 0 |2 ddc |4 0 |6 621_381000000000000_SZE_2012 |7 0 |9 576928 |a BIBING |b BIBING |d 2020-11-17 |e 3 |g 136589.00 |i 5577764 |l 1 |o 621.381 SZE 2012 |p 5577764 |r 2025-01-20 |s 2023-08-14 |t 1 |v 136589.00 |w 2020-11-17 |y BK |k EIE | ||
| 952 | |0 0 |1 0 |2 ddc |4 0 |6 621_381000000000000_SZE_2012 |7 0 |9 576929 |a BIBING |b BIBING |d 2020-11-17 |e 3 |g 136589.00 |i 5577772 |o 621.381 SZE 2012 |p 5577772 |r 2025-01-20 |t 2 |v 136589.00 |w 2020-11-17 |y BK |k EIE | ||
| 952 | |0 0 |1 0 |2 ddc |4 0 |6 621_381000000000000_SZE_2012 |7 0 |9 576930 |a BIBING |b BIBING |d 2020-11-17 |e 3 |g 136589.00 |i 5577802 |l 2 |o 621.381 SZE 2012 |p 5577802 |q 2025-03-03 |r 2025-01-27 |s 2025-01-27 |t 5 |v 136589.00 |w 2020-11-17 |y BK |k EIE | ||
| 952 | |0 0 |1 0 |2 ddc |4 0 |6 621_381000000000000_SZE_2012 |7 0 |9 576931 |a BIBING |b BIBING |d 2020-11-17 |e 3 |g 136589.00 |i 5577799 |o 621.381 SZE 2012 |p 5577799 |r 2025-01-20 |t 4 |v 136589.00 |w 2020-11-17 |y BK |k EIE | ||
| 952 | |0 0 |1 0 |2 ddc |4 0 |6 621_381000000000000_SZE_2012 |7 0 |9 576932 |a BIBING |b BIBING |d 2020-11-17 |e 3 |g 136589.00 |i 5577780 |o 621.381 SZE 2012 |p 5577780 |r 2025-01-20 |t 3 |v 136589.00 |w 2020-11-17 |y BK |k EIE | ||